ORIYA ARU ASOMIYA SANASKRITI ARU SAMANNAYAR KEITIMAN DISH (Record no. 3614)
[ view plain ]
| 000 -LEADER | |
|---|---|
| fixed length control field | 00451cam a2200181ua 4500 |
| 008 - FIXED-LENGTH DATA ELEMENTS--GENERAL INFORMATION | |
| fixed length control field | 131204n II |||gr||||Z||||||eng |
| 040 ## - CATALOGING SOURCE | |
| Original cataloging agency | MAIN |
| 041 ## - LANGUAGE CODE | |
| -- | English |
| 082 ## - DEWEY DECIMAL CLASSIFICATION NUMBER | |
| Classification number | 491.4509 ROU |
| 100 ## - MAIN ENTRY--PERSONAL NAME | |
| Personal name | ROUT, DR.JYOTSNA. |
| 245 ## - TITLE STATEMENT | |
| Title | ORIYA ARU ASOMIYA SANASKRITI ARU SAMANNAYAR KEITIMAN DISH |
| 250 ## - EDITION STATEMENT | |
| Edition statement | 1ST. |
| 260 ## - PUBLICATION, DISTRIBUTION, ETC. | |
| Place of publication, distribution, etc. | GAUHATI: |
| Name of publisher, distributor, etc. | BANI MANDIR., |
| Date of publication, distribution, etc. | 2005. |
| 300 ## - PHYSICAL DESCRIPTION | |
| Extent | 228: |
| Dimensions | 22CM. |
| 942 ## - ADDED ENTRY ELEMENTS (KOHA) | |
| Koha item type | Books |
| 653 ## - INDEX TERM--UNCONTROLLED | |
| Uncontrolled term | Asamar Sanskriti |
| Withdrawn status | Lost status | Damaged status | Not for loan | Collection code | Home library | Current library | Shelving location | Date acquired | Full call number | Barcode | Date last seen | Copy number | Price effective from | Koha item type | Total Checkouts | Date last checked out |
|---|---|---|---|---|---|---|---|---|---|---|---|---|---|---|---|---|
| TBASM | Central Library and Information Centre Sibsagar Girls College | Central Library and Information Centre Sibsagar Girls College | ASSAMESE REFERENCE RACK | 01.08.2006 | 491.4509 ROU | 21189 | 27.02.2020 | 1 | 27.02.2020 | Books | ||||||
| TBASM | Central Library and Information Centre Sibsagar Girls College | Central Library and Information Centre Sibsagar Girls College | ASSAMESE REFERENCE RACK | 01.08.2006 | 491.4509 ROU | 21190 | 03.06.2023 | 2 | 27.02.2020 | Books | 1 | 03.06.2023 |